[Event "Penta Media GM"]
[Site "Kelamabakkam"]
[Date "2000.08.14"]
[Round "1"]
[White "Kunte, Abhijit"]
[Black "Prasad, Devaki V"]
[Result "1/2-1/2"]
[WhiteElo "2556"]
[BlackElo "2431"]
[Annotator "Meulders,R"]
[PlyCount "45"]
[EventDate "2000.08.14"]
[EventType "tourn"]
[EventRounds "12"]
[EventCountry "IND"]
[EventCategory "11"]
[SourceTitle "CBM 079"]
[Source "ChessBase"]
[SourceDate "2000.11.21"]
[SourceVersion "1"]
[SourceVersionDate "2000.11.21"]
[SourceQuality "1"]

1. Nf3 d6 2. d4 Nf6 3. g3 Nbd7 4. Bg2 e5 5. O-O Be7 6. c4 c6 7. Nc3 O-O 8. Qc2
Re8 9. Rd1 Qc7 10. h3 {Dieser prophylaktischen Zug gilt als stark. Er entnimmt
Schwarz das Feld g4. So wurde schon in Levenfish-Capablanca, Moscow 1925
gespielt.} a6 {Die Alternativen sind Nf8 (schaftt dem Bc8 etwas Raum) und Bf8 
(droht den Aufmarsch ...e4 und ...d5).} 11. a3 {Nicht gerade am aktivsten.
Falls Weiss b4 spielen will, braucht er diesen Zug nicht. Oft wird hier Be3
gespielt.} (11. Be3 Bf8 (11... exd4 12. Nxd4 Bf8 13. b3 h6 14. Rd2 {Man sieht
wie nützlich h3 war: der Be3 steht unangreifbar.} g6 15. Rdd1 Kh7 16. Rac1 Nh5
17. Qd2 Nhf6 18. Nf3 b6 19. Nh2 Ne5 {und mindestens += nach} 20. g4 {aber am
Ende 0-1 Manakova,M-Blagojevic,D/Cetinje 1996/EXT 2000 (41)}) (11... Rb8 12. b4
b5 13. c5 Bb7 14. dxe5 Nxe5 15. Nxe5 dxe5 16. a4 Ra8 17. Bg5 h6 18. Bxf6 Bxf6
19. Ne4 Be7 20. Nd6 $16 {1/2-1/2 Ianov,V-Syrokhvatov,L/Policka 1996/EXT 98 (45)
}) 12. Rac1 g6 (12... h6 13. Nh4 Rb8 14. dxe5 dxe5 15. Kh2 Bc5 16. Bxc5 Nxc5
17. b4 Ne6 18. Nf5 $14 {0-1 Engqvist,T-Sandstrom,L/Salongernas 1996/EXT 99 (41)
}) 13. a3 Rb8 14. b4 h6 15. c5 $1 exd4 16. cxd6 Bxd6 17. Bxd4 Bf8 18. e4 Bg7
19. Qb2 Qd8 20. e5 $16 {1-0 Foygel,I-Khmelnitsky,I/Kherson 1989/CBM 16/[Ribli]
(27)}) (11. e4 b5 12. c5 Bb7 13. cxd6 Bxd6 14. dxe5 Nxe5 15. Nd4 b4 16. Na4 c5
17. Nf5 Bf8 18. f4 Ng6 19. e5 Bxg2 20. Qxg2 Nd7 21. Be3 $14 {1-0 Baburin,
A-Sutorikhin,V/Budapest 1991/TD (55)}) 11... Bf8 12. e4 (12. b4 e4 13. Ng5 d5
14. Bf4 (14. h4 h6 $11) 14... Bd6 15. Bxd6 Qxd6 16. c5 Qc7 17. h4 e3 $15) 12...
b5 13. cxb5 cxb5 14. d5 Nb6 15. Bg5 Be7 16. Rac1 Bd7 {Viel Raum hat er nicht
aber ein Feld genügt.} 17. Nd2 Rac8 $11 18. Be3 Na4 (18... a5 19. Qb3 Na4 20.
Nxb5 Qxc1 21. Rxc1 Rxc1+ 22. Kh2 Nc5 23. Bxc5 Rxc5 24. Nc3 $13) 19. Qb1 Nxc3
20. Rxc3 Qb8 21. Rdc1 Rxc3 22. Rxc3 Rc8 23. Qc2 1/2-1/2

[Event "Solin 8th"]
[Site "Solin/Split"]
[Date "2000.12.16"]
[Round "8"]
[White "Kovacevic, Vlatko"]
[Black "Hauchard, Arnaud"]
[Result "0-1"]
[WhiteElo "2492"]
[BlackElo "2539"]
[Annotator "Meulders,R"]
[PlyCount "84"]
[EventDate "2000.12.09"]
[EventType "tourn"]
[EventRounds "9"]
[EventCountry "CRO"]
[EventCategory "12"]
[SourceTitle "CBM 081"]
[Source "ChessBase"]
[SourceDate "2001.03.20"]
[SourceVersion "1"]
[SourceVersionDate "2001.03.20"]
[SourceQuality "1"]

1. d4 d6 2. Nf3 Nf6 3. c4 Nbd7 4. Nc3 e5 5. e3 {Solide, aber nicht
ungefährlich weil nach späterem ...e5-e4 Schwarz manchmal Königsangriff
bekommt.} g6 6. a4 Bg7 7. a5 a6 8. Be2 O-O 9. O-O Re8 10. Qc2 (10. b4 e4 11.
Nd2 Nf8 12. b5 h5 13. bxa6 bxa6 14. Ba3 N8h7 15. Rc1 Bg4 16. Nd5 $14 {aber
später 0-1 in Rosenlund,T-Holst,A/DEN 1993 (34) nachdem Weiss sich in den
Komplikationen am Kônigsflügel verblüffen liess.}) 10... Qe7 11. b4 e4 12. Nd2
Nf8 13. b5 h5 14. Ba3 Bf5 15. c5 {Es scheint als ob Weiss zuerst kommt.} Ne6
16. cxd6 cxd6 17. Nc4 Rad8 18. bxa6 bxa6 19. Qa4 Ng5 20. Rfb1 {Jetzt ist Be2
der einzige Verteidiger des Königs.} Qe6 21. Rb6 Bf8 22. Rxa6 Bg4 {Am
Damenflügel hat Schwarz den Kampf verloren, aber seine Initiative am
Königsflügel schwillt an. Nun, da die Beute (Pa6) eingesteckt ist, kehrt Weiß
aber rechtzeitig zur Verteidigung zurück.} 23. Qd1 h4 24. d5 (24. Nb5 $1 h3 25.
Nc7 Qc8 26. Nxe8 Nxe8 27. Bxg4 Qxa6 28. Be2 Qc8 29. Qf1 Nf6 30. Rc1 Qe6 31. a6
$16) 24... Qf5 25. Nxd6 Bxd6 26. Rxd6 Bxe2 27. Qxe2 (27. Nxe2 $1 Rxd6 28. Bxd6
Nxd5 29. a6 $18) 27... h3 28. g3 $1 {Nach einigen schwachen Zügen findet Weiss
die beste Verteidigung.} (28. Rxd8 Rxd8 29. Be7 hxg2 $1 30. Bxd8 (30. Bxf6 Qxf6
31. Rc1 Nf3+ 32. Kxg2 Qg5+ 33. Kh1 Qe5 $19) 30... Nf3+ 31. Kxg2 Qg5+ 32. Kh1
Qe5 33. Qxf3 exf3 34. Bxf6 Qxf6 35. Rc1 Qh4 $19) 28... Nf3+ 29. Kh1 Ng4 30.
Rxd8 Rxd8 31. a6 Nfe5 32. a7 {'??'Dieser Bock verliert sofort.} (32. Ra2 $1 Nd3
33. a7 Ndxf2+ 34. Kg1 $18) 32... Nxf2+ {'-+'} 33. Kg1 Nf3+ $1 34. Kxf2 Nd4+ 35.
Ke1 Nxe2 36. Kxe2 Qc8 37. Bc5 Qxc5 38. a8=Q Rxa8 39. Rxa8+ Kg7 40. Nxe4 Qc4+
41. Kf3 Qxd5 42. Ra4 $2 (42. Re8 Qd7 43. Re5 f6 44. Rc5 Qd1+ 45. Kf2 f5 46. Ng5
Qd2+ 47. Kf3 Qxh2 $19) 42... Qd1+ $19 0-1

[Event "FIDE-Wch k.o."]
[Site "New Delhi/Teheran"]
[Date "2000.11.29"]
[Round "1.7"]
[White "Psakhis, Lev"]
[Black "Dizdarevic, Emir"]
[Result "0-1"]
[WhiteElo "2611"]
[BlackElo "2527"]
[Annotator "Meulders,R"]
[PlyCount "88"]
[EventDate "2000.11.27"]
[EventType "k.o."]
[EventRounds "7"]
[EventCountry "IND"]
[SourceTitle "CBM 081"]
[Source "ChessBase"]
[SourceDate "2001.03.20"]
[SourceVersion "1"]
[SourceVersionDate "2001.03.20"]
[SourceQuality "1"]

1. c4 e5 2. Nc3 Nf6 3. Nf3 d6 4. g3 Be7 5. Bg2 O-O 6. O-O Re8 7. d4 Nbd7 8. Qc2
c6 9. Rd1 Qc7 10. e4 a6 11. d5 (11. a4 a5 {[%csl Rb4]} 12. h3 Bf8 13. Be3 exd4
14. Nxd4 Nc5 15. Nb3 (15. Re1 g6 16. Rad1 Bd7 17. f4 Rad8 18. Bf2 Bc8 19. g4
Bg7 20. Kh1 h5 21. g5 Nh7 22. Be3 Nf8 23. f5 Be5 24. Qf2 $14 {0-1 Antunes,
A-Zapata,A/Havana 1994 (38)}) 15... Nfd7 16. Nxc5 Nxc5 17. Rd2 Be6 18. Ne2 Qb6
19. Nd4 Rad8 20. Rb1 Bc8 21. b3 Qc7 22. Re2 $14 {1-0 Kortschnoj,V-Doda,Z/Lodz
1955 (31)}) (11. h3 b5 12. c5 (12. b3 Bb7 13. Be3 b4 14. Ne2 exd4 15. Nfxd4 c5
16. Nf5 Bf8 17. f3 g6 18. Nh6+ Kg7 19. Qb2 $14 {1-0 Manakova,M-Lendvai Wells,N/
Duisburg 1992 (28)}) (12. Be3 Bb7 13. Ne2 Bf8 14. dxe5 dxe5 15. c5 a5 16. a3 a4
17. Ne1 Bc8 18. Nd3 Nb8 19. Nb4 Na6 20. Rac1 Nxb4 21. axb4 Be6 $15 {0-1
Alekseev,E-Dyachkov,S/Saratov 1999 (42)}) 12... dxc5 13. dxe5 Nxe5 14. Nxe5
Qxe5 15. Bf4 Qe6 16. e5 Nd7 17. Ne4 Bb7 18. Rd6 Bxd6 19. Ng5 Qg6 20. Be4 Bxe5
21. Bxg6 hxg6 22. Bxe5 Nxe5 23. Qxc5 Rad8 $13 {0-1 Moehring,G-Espig,L/Eggesin/
Torgelow 1978 (96)}) (11. b3) 11... cxd5 $1 {Hier ist der Tausch weit besser
als in Psakhis-Escobar, weil Schwarz sofort zu... b5 kommt.} 12. cxd5 b5 $11
13. a3 Nb6 {[%csl Rc4]} 14. Qe2 Bd7 15. h3 $6 (15. Bg5 h6 16. Bxf6 Bxf6 17.
Rac1 $11 {[%cal Gc1c7]}) 15... Rec8 $15 16. Bf1 Qb7 17. Nh4 g6 {[%csl Gf5]} 18.
Kh2 Na4 $1 19. Na2 (19. Nxa4 bxa4 {[%csl Rb3][%cal Gb7b2]}) 19... Nc5 {[%csl
Rb3,Re4]} 20. Bg2 a5 21. Bg5 $2 (21. Bd2 $15) 21... Ng4+ $1 22. hxg4 Bxg5 {
[%csl Gd7,Gg5]} 23. Bh3 (23. Qf3 a4 {[%csl Rb3]}) 23... Nb3 $19 24. Rab1 b4 (
24... Nd4 25. Qd3 Rc2 $19) 25. Nf3 Bd8 {[%cal Gd8b6,Gb6f2]} 26. Qe3 Ba4 {
[%csl Ga4,Gd8]} 27. Qh6 Rc2 28. Kg2 Qb6 29. Rf1 Bb5 $19 30. g5 Bxf1+ 31. Rxf1
Nd2 32. Nxd2 Rxd2 33. Nc1 Qa7 34. Bg4 Be7 35. axb4 axb4 36. Ne2 Bf8 37. Qh4 Qe7
38. Ng1 h6 39. Nf3 Rxb2 40. Qh3 Raa2 41. gxh6 Qa7 42. h7+ Kh8 43. Qh4 Rxf2+ 44.
Kh3 Qe7 0-1

[Event "Dubai op 6th"]
[Site "Dubai"]
[Date "2004.04.24"]
[Round "6"]
[White "Saleh, Nabil"]
[Black "Iuldachev, Saidali"]
[Result "0-1"]
[WhiteElo "2349"]
[BlackElo "2536"]
[Annotator "Meulders,R"]
[PlyCount "96"]
[EventDate "2004.04.19"]
[EventType "swiss"]
[EventRounds "9"]
[EventCountry "UAE"]
[SourceTitle "CBM 101"]
[Source "ChessBase"]
[SourceDate "2004.07.27"]
[SourceVersion "1"]
[SourceVersionDate "2004.07.27"]
[SourceQuality "1"]

1. d4 d6 2. Nf3 Nf6 3. c4 Nbd7 4. g3 e5 5. Bg2 Be7 6. O-O O-O 7. Nc3 c6 8. b3
e4 9. Ne1 (9. Nh4 $5 d5 10. Nf5 (10. f3 $5 Bb4 11. Bb2 exf3 12. Nxf3 Ng4 13.
Qd3 dxc4 14. bxc4 Re8 $11) 10... Bb4 11. Nb1 Re8 12. Ba3 Bxa3 13. Nxa3 Nf8 14.
Ne3 Qe7 15. Nac2 Be6 16. c5 Nh5 $15 {1-0 Florean,A-Dovramadjiev,T/Calicut 1998
(43)}) 9... d5 10. cxd5 ({Ich glaube, es sei besser, gleich auf das starke
schwarze Zentrum loszugehen:} 10. f3 $1 Bb4 11. Bb2 exf3 12. Nxf3 Ng4 13. Qd3
dxc4 14. bxc4 Re8 15. Nd1 {mit annähernd gleichen Chancen.}) 10... cxd5 11. Nc2
Nb6 12. a4 Be6 {[%cal Gb6c8,Gc8d6]} 13. Bd2 $6 ({Ich bevorzuge das konsequente
und aktivere} 13. a5 {z.B.} Nc8 14. Ba3 Nd6 15. Bc5 Qc7 16. Na4 Rfc8 17. Qd2
Nd7 18. Ne3 b6 19. axb6 axb6 20. Bb4 Nf6 21. Rfc1 Qb7 22. f3 Rxc1+ 23. Rxc1 h5
24. Nc3 {[%csl Re4][%cal Gb4d6,Gf3e4,Gg2e4,Gc3e4] und Weiß sollte genügend
Gegenspiel haben.}) 13... Nc8 14. a5 $6 {Jetzt hat dieser Zug keinen Sinn mehr.
Durch den weißen Zeitverlust kann Schwarz den Punkt e4 genügend stützen.} Nd6
15. Qb1 h6 {Leicht =+} 16. Rc1 {[%csl Rd4]} (16. f3 Qd7 17. Ne3 Rac8 {Schwarz
steht viel aktiver und weiße Versuche sich zu befreien müssen scheitern.} 18.
fxe4 $2 Ndxe4 19. Nxe4 dxe4 20. Bxe4 Qxd4 21. Bd3 Bb4 $1 22. Bxb4 Qxe3+ $19)
16... Rc8 17. Na4 Bg4 {Schwarz will weite Schwächungen am Königsflügel
provozieren .} (17... Nb5 18. Qb2 Bg4 19. f3 exf3 20. exf3 Bf5 $15) 18. Bf1 ({
Für} 18. f3 {ist es zu spät:} Bf5 19. Qb2 Nb5 20. Nc5 b6 21. axb6 axb6 22. fxe4
dxe4 23. Na4 Rxc2 $1 24. Rxc2 Nxd4 $19) 18... Nb5 19. e3 {[%csl Rf3,Rh3] Nach
dem Textzug hat Weiß zwei Löcher, aber f3 ist wie zuvor nicht besser.} Nd6 $17
20. Bb4 Nh7 21. Bc5 Ng5 $19 {[%csl Rf3,Rh3]} 22. Ne1 {Weiß muss natührlich
sofort die Feuerwehr herbeiführen oder sein Häuschen brennt nieder:} (22. Bxa7
$4 Nf3+ 23. Kh1 Nd2 24. Qb2 Nxf1 25. Rxf1 Rxc2 $3 26. Qxc2 Bf3+ 27. Kg1 Qd7 {
und Matt in 3.}) 22... Ra8 23. Nc3 Be6 (23... Nf5 $1) 24. Ne2 Nh3+ (24... Qd7
25. Nf4 {und Weiß hat sich wieder etwas organisiert =+}) 25. Bxh3 Bxh3 26. Nf4
Be6 27. Nxe6 $2 {Ein Springer ist des Königs bester Freund, also hätte ich
sicher nicht getauscht.} (27. f3 $5 exf3 28. Nxf3 Bf5 (28... Ne4 $5 29. Qb2)
29. Qb2 Be4 30. Nd2 {und Weiß ist bei weitem nicht tot.}) 27... fxe6 28. Qa2 $2
{Weiß hätte besser des Königs anderen besten Freund aktiver postieren müssen.}
(28. Ng2 $1 Qd7 (28... g5 29. f4 $1 exf3 30. Qg6+ Kh8 31. Qxh6+ Kg8 32. Qxe6+
Kh7 33. Qxd5 fxg2 34. Kxg2 $14) 29. Qc2 Rfc8 30. Qe2 {und auch hier kann Weiß
sich gut verteidigen.}) 28... a6 29. Qa3 (29. Ng2) 29... Rf7 30. Ra2 Qd7 31.
Qb2 Raf8 {Weiß hat so viel Zeit verloren, dass Schwarz eine optimale
Angriffsstellung erreicht hat. Absolut notwendig wäre jetzt Rc2.} 32. Qe2 $2 {
Man kann sich als Anziehender viel erlauben, aber zu viel ist zu viel.} Rxf2
33. Qxf2 Rxf2 34. Kxf2 (34. Rxf2 Qb5 35. b4 Bg5 $1 36. Bxd6 Bxe3 37. Rcc2 Bxd4
38. Bc5 Bxf2+ 39. Kxf2 e5 $19 {und die schwarze Zentralbauern sollten die
Partie entscheiden.}) 34... Nf5 35. Bxe7 Qxe7 36. Ng2 Qg5 $1 {[%cal Gg5g4,
Gg4f3] Via die völlig ungeschützten weißen Felder frisst sich die schwarze
Dame in den weißen Speiseschrank hinein.} 37. Nf4 Qg4 38. Re1 Kf7 39. Kf1 h5
40. Rf2 Ke7 41. Ng2 g5 42. Kg1 h4 43. gxh4 Nxh4 44. Ree2 Nf3+ 45. Kh1 Qh3 46.
Ne1 Nxh2 $1 47. Kg1 (47. Rxh2 Qf1#) 47... Ng4 48. Rg2 Nxe3 0-1

[Event "Carlos Torre Wimbledon 16th"]
[Site "Merida"]
[Date "2003.12.19"]
[Round "3.1"]
[White "Filippov, Valerij"]
[Black "Zapata, Alonso"]
[Result "1-0"]
[WhiteElo "2630"]
[BlackElo "2472"]
[Annotator "Meulders,R"]
[PlyCount "81"]
[EventDate "2003.12.17"]
[EventType "k.o."]
[EventRounds "4"]
[EventCountry "MEX"]
[SourceTitle "CBM 099"]
[Source "ChessBase"]
[SourceDate "2004.03.30"]
[SourceVersion "1"]
[SourceVersionDate "2004.03.30"]
[SourceQuality "1"]

1. Nf3 Nf6 2. c4 d6 3. d4 Nbd7 4. Nc3 c6 5. g3 e5 6. Bg2 Be7 7. Qc2 O-O 8. O-O
Qc7 9. e4 a6 10. Be3 b5 11. cxb5 cxb5 12. Rac1 Qb8 (12... Bb7 13. Nd5 Qd8 14.
Nxe7+ Qxe7 15. Qc7 exd4 16. Bf4 $16 {[%csl Rb7,Rd6,Re7,Rf8][%cal Gf4d6,Gc7b7]}
Bxe4 17. Bxd6 Qd8 18. Bxf8 Nxf8 19. Ne5 Qxc7 20. Rxc7 Bxg2 21. Kxg2 Re8 22. Nd3
$18) 13. Nd5 Nxd5 14. exd5 e4 $5 {Schwarz stellt eine Falle auf und Weiß nimmt
die Herausforderung an.} 15. Qxe4 Nf6 16. Qxe7 Ra7 {Die Pointe: Schwarz
gewinnt die Dame. Wer hat am weitesten geguckt?} 17. Qxf8+ Kxf8 18. Ne5 $1 {
Überraschend und stark; Schwarz darf das Opfer nicht annehmen.} Ra8 (18... dxe5
19. dxe5 $18 {[%csl Ra7,Rc8,Rf6][%cal Gc1c8,Ge3a7,Ge5f6]}) 19. Nc6 Qb7 20. Rfe1
{Rein materiell gesehen dürfte Schwarz mit Q gegen R+B+P etwas im Vorteil sein,
aber die weißen Figuren stehen sehr aktiv und in der Praxis möchte ich daher
lieber mit Weiß spielen.} Ne8 (20... Bd7 21. Bf4 Ne8 22. Re7) 21. Bg5 f6 22.
Bd2 Bd7 23. a3 Rc8 24. h4 Bf5 25. Re3 Qf7 26. Rce1 Qh5 27. Ba5 Bg4 28. Re7 g5 {
Ein krampfhafter Versuch aktiv zu werden eher als langsam erwürgt zu werden,
aber die weiße Initiative schwillt an.} 29. Bd8 Ng7 (29... gxh4 30. Rxe8+ Qxe8
31. Rxe8+ Kxe8 32. Bxf6 hxg3 33. fxg3 Kd7 34. Bg5 Re8 35. Bf1 $18 {[%cal Gf1a6,
Ga3a4]}) 30. hxg5 Qxg5 31. R7e4 Bf5 32. R4e3 Kf7 33. Ba5 Re8 34. Ne7 Qg4 35.
Bc7 {Die weißen Figuren arbeiten glänzend zusammen, während es Schwarz nicht
gelingt die Faust zu zeigen.} Bc2 $18 (35... Qxd4 $4 36. Nxf5) 36. Bxd6 Qxd4
37. b4 Qg4 38. Bc5 Bf5 $2 (38... Nh5) 39. Nxf5 Qxf5 40. Rxe8 Nxe8 41. Re7+ {
mit Damengewinn.} (41. Re7+ Kg6 42. Be4) 1-0

[Event "VISA Nordic GP Final"]
[Site "Gentofte"]
[Date "1999.08.10"]
[Round "4"]
[White "Schandorff, Lars"]
[Black "Hillarp Persson, Tiger"]
[Result "0-1"]
[WhiteElo "2514"]
[BlackElo "2507"]
[Annotator "Meulders,R"]
[PlyCount "86"]
[EventDate "1999.08.05"]
[EventType "tourn"]
[EventRounds "13"]
[EventCountry "DEN"]
[EventCategory "9"]
[SourceTitle "CBM 073"]
[Source "ChessBase"]
[SourceDate "1999.12.01"]
[SourceVersion "1"]
[SourceVersionDate "1999.12.01"]
[SourceQuality "1"]

1. c4 Nf6 2. Nc3 e5 3. Nf3 d6 4. d4 Nbd7 5. Bg5 h6 (5... Be7 {Novikov,
I-Hjartarson,J/Tilburg1992/CBM32/}) 6. Bh4 c6 7. e3 Be7 (7... Qe7 8. Be2 g6 9.
Qb3 Bg7 10. Qa3 exd4 11. exd4 O-O 12. O-O g5 13. Bg3 Ne8 14. Rac1 f5 15. c5 d5
(15... f4 16. Rfe1 Qf7 17. cxd6 fxg3 18. hxg3 Nb6 $17) 16. Bd3 Qd8 17. Be5 Ndf6
18. b4 $16 {1/2-1/2 Romanov,O-Movsesian,S/Mlada Boleslav op 1995/EXT 97 (56)})
(7... Qc7 8. Be2 g6 9. c5 exd4 10. cxd6 Qxd6 11. Nxd4 Qe7 12. O-O Bg7 13. e4
O-O 14. f4 $18 {1-0 Pachman,L-Movsesian,S/CZE-chT 9596 1996/EXT 98 (40)}) 8.
Qc2 (8. Be2 O-O 9. Qc2 a6 10. a3 Nh5 11. Bxe7 Qxe7 12. O-O g6 13. dxe5 dxe5 14.
Rfd1 Ndf6 15. b4 Bg4 16. h3 Bxf3 17. Bxf3 $14 {1-0 Flohr,S-Kholmov,R/Tartu
1950/EXT 99 (58)}) 8... Nh5 (8... O-O {Kaidanov,G-Bosboom,M/Groningen-op/1990/
CBM22/}) (8... O-O 9. O-O-O exd4 10. exd4 d5 11. Ne5 dxc4 12. Bxc4 Nb6 13. Bb3
Nfd5 14. Bxe7 Qxe7 15. g3 Be6 16. Rhe1 Nb4 $17 {0-1 Gumerov,R-Khadzhaev,R/Ufa
1999/CBM 70 ext (45)}) 9. Bxe7 Qxe7 10. O-O-O (10. Be2 $5 $14 {Knaak,
R-Cifuentes Parada,R/Wijk aan Zee-B/1988/INF45,(74)/}) 10... Nhf6 11. Rg1 {
[%cal Gg2g5]} (11. g4 e4 (11... Nxg4 12. Rg1 $14) 12. Nd2 d5 13. Be2 Nb6 14. c5
Nbd7 15. h4 Nf8 16. Rdg1 (16. g5 Ng4 $13) 16... Be6 17. Qa4 (17. g5 hxg5 18.
hxg5 Rxh1 19. Rxh1 Ng4 $13) 17... N8d7 18. g5 $14 {1/2-1/2 Alterman,
B-Gofshtein,L/Zagreb 1993/CBM 35/ (69)}) (11. Bd3 {Boensch,U-Blatny,P/
Altensteig/1991/CBM25/}) 11... e4 12. Nd2 d5 13. Be2 $14 Nb6 $5 {Schwarz
opfert zwei Tempi um den Druck gegen Pd5 zu erleichtern und um den
vorgerückten weissen P mit ...b6 an zu greifen.} 14. c5 Nbd7 15. f3 b6 $6 {
[%csl Ga7,Gb6,Gc5,Gc6,Gd4,Gd5,Ge3,Ge4,Gf3,Gg2]} (15... exf3 16. gxf3 (16. Bxf3
O-O 17. Rde1 $14 {[%cal Ge3e4]}) 16... Qxe3 17. Rxg7 Qxd4 $17) 16. fxe4 bxc5
17. e5 $16 Nh7 {[%csl Rh7]} 18. Nf3 O-O 19. Bd3 Ng5 20. h4 $1 $16 Ne6 (20...
Nxf3 21. gxf3 {[%cal Gg1g7]}) 21. g4 cxd4 22. exd4 Bb7 23. Bf5 (23. g5 h5 24.
Kb1 c5 25. dxc5 Qxc5 26. g6 fxg6 27. Rxg6 $16) 23... c5 {[%csl Rd5]} 24. dxc5
Ndxc5 {[%cal Gc5e4,Gf8c8,Gc8c1]} 25. g5 (25. Nxd5 Bxd5 26. Rxd5 Rfc8 27. Kb1
Qb7 28. Rgd1 Rab8 29. R1d2 $16) 25... h5 $1 26. g6 {[%cal Gg6f7,Gf5h7,Gg1g7]}
fxg6 27. Rxg6 {[%cal Gf5e6,Gg6e6,Gc3d5]} Rxf5 $1 {[%mdl 64]} 28. Qxf5 Rf8 29.
Rxe6 $8 Nxe6 30. Qd3 (30. Qxh5 Qc5 31. Qg4 Qe3+ 32. Kb1 $14) 30... Rf4 31. Ne2
Rg4 $15 32. Kb1 d4 {[%cal Gb7e4]} 33. Ka1 Bxf3 $17 34. Qxf3 Qf7 {[%csl Re5,Ge6,
Rh4]} (34... Rxh4) 35. Qd5 $5 Rxh4 36. a3 Rg4 {[%cal Gh5h1]} 37. Nxd4 Nxd4 38.
Rxd4 $2 ({Zäher ist} 38. Qd8+ Qf8 39. Qd5+ $1 Kh7 40. Rxd4 Rxd4 41. Qxd4 Qf1+
42. Ka2 Qf7+ 43. Kb1 g5 $15) 38... Qxd5 39. Rxd5 Re4 $19 {Ohne Damen ist Weiss
klar verloren.} 40. e6 h4 41. Rh5 g6 42. Rg5 Rxe6 43. Ka2 h3 0-1